| 000 | 01191 a2200241 4500 | ||
|---|---|---|---|
| 001 | 107868 | ||
| 020 | _a9788578881641 | ||
| 020 | _q(broch.) | ||
| 041 | _apor | ||
| 082 | _a398 | ||
| 100 | _aDuarte, Marcelo. | ||
| 250 | _a3.ed. | ||
| 300 | _a80p. | ||
| 520 | _aQuem é que nunca se imaginou na pele de um super-herói? Ter, por exemplo, uma visão de raio X para enxergar as respostas da lição no livro da professora? Gostou da ideia? Pois agora seu sonho pode se tornar realidade! Este livro vai ensiná-lo a criar seu personagem (incluindo um grito de guerra), que disfarce usar, como guardar sua identidade secreta e por que jamais escolher um papagaio como companheiro de aventuras. Mas, antes de se decidir, é bom conhecer as curiosidades dos mocinhos que já existem. Afinal, seria o maior vexame sair por aí vestido de morcego, com a cueca por cima da calça, não é? | ||
| 521 | _aYear 4 | ||
| 697 | _aLiteratura infanto-juvenil | ||
| 856 | _u000016/0000163c.jpg | ||
| 040 |
_aBR-BrIDEA _cBR-BrIDEA |
||
| 090 |
_aP Year 3 398 _bDUA |
||
| 245 | 1 | 0 |
_aO Guia dos curiosinhos _bsuper-heróis _cMarcelo Duarte |
| 260 |
_aSão Paulo _bPanda Books _c2011 |
||
| 942 | _cBK | ||
| 999 |
_c107868 _d107868 |
||